ra3 - Statystyki

Ogólne statystyki
  • Ten quiz został rozwiązany 5 razy
  • Średni wynik to 6 z 16
Statystyki odpowiedzi
Wskazówka Odpowiedź % Poprawnych
Liczba sąsiadów Kirgistanu 5
100%
Stolica Madagaskaru Antananarywa
100%
Największe miasto w Kazachstanie Ałmaty
50%
Język urzędowy w Izraelu hebrajski
50%
Rosyjska nazwa miasta Królewiec Kaliningrad
50%
Największa pustynia w Namibii Namib
50%
Województwo polski gdzie niektóre znaki są po niemiecku Opolskie
50%
W brydżu ustawienie kart As, Król jest nazywane... sekwens
50%
Cyfra 2 po niemiecku zwei
50%
W ojczystym języku to ᐃᖃᓗᐃᑦ Iqaluit
0%
Stolica Tatarstanu Kazań
0%
Stolica Litwy w roku 1927 Kowno
0%
Największy naród bez swojego państwa Kurdowie
0%
Trzecie największe miasto Rosji Nowosybirsk
0%
Najbardziej na północ położona jednostka osadnicza na świecie Ny-Ålesund
0%
Największe jezioro Turcji Wan
0%
Nie znaleziono quizów pasujących do podanych kryteriów
Rozkład punktacji
Procent ludzi z każdym wynikiem
Percentyl według liczby udzielonych odpowiedzi
Twoja historia wyników
Nie rozwiązałeś tego quizu